The effective supervisor
| Main Author: | |
|---|---|
| Format: | Book |
| Published: |
Kuala Lumpur :
Oscar ,
20cm
|
| Subjects: |
MARC
| LEADER | 00000cam a2200000 7i4500 | ||
|---|---|---|---|
| 001 | 0000000959 | ||
| 005 | 20220223.0 | ||
| 040 | |a INS | ||
| 090 | 0 | 0 | |a HF5549. |b A33 1985 |
| 100 | 0 | |a Latiff Sher Mohamed | |
| 245 | 1 | 4 | |a The effective supervisor |c Latiff Sher Mohamed |
| 260 | |a Kuala Lumpur : |b Oscar , |c 20cm | ||
| 300 | |a 102p. : |b ill, charts ; |c 20 cm. | ||
| 500 | |a SMPD Management Series | ||
| 650 | 0 | 0 | |a Supervised Study |
| 650 | 0 | 0 | |a Supervision of employees |x Study and teaching |
| 999 | |a 0000001084 |b BOOK |c Open Shelf |e Default branch | ||